| Tag |
First Indicator |
Second Indicator |
Subfields |
| LEADER |
00000cam a2200000Ii 4500 |
| 001 |
in00003597656 |
| 005 |
20210430153356.0 |
| 006 |
m o d f |
| 007 |
cr c|||||||||| |
| 008 |
150603e201411 ohua obt f000 0 eng d |
| 035 |
|
|
|a (OCoLC)ocn910631008
|
| 040 |
|
|
|a GPO
|b eng
|e rda
|e pn
|c GPO
|d MvI
|
| 049 |
|
|
|a WWW
|
| 074 |
|
|
|a 0830-D (online)
|
| 086 |
0 |
|
|a NAS 1.15:2014-218411
|
| 100 |
1 |
|
|a Banks, Bruce A.,
|e author.
|
| 245 |
1 |
0 |
|a Comparison of the results of MISSE 6 atomic oxygen erosion yields of layered Kapton H films with Monte Carlo computational predictions /
|c Bruce A. Banks, Christian A. Kneubel, Kim K. de Groh.
|
| 246 |
3 |
|
|a Comparison of the results of Materials International Space Station Experiment 6 atomic oxygen erosion yields of layered Kapton H films with Monte Carlo computational predictions
|
| 264 |
|
1 |
|a Cleveland, Ohio :
|b National Aeronautics and Space Administration, Glenn Research Center,
|c November 2014.
|
| 300 |
|
|
|a 1 online resource (11 pages) :
|b color illustrations.
|
| 336 |
|
|
|a text
|b txt
|2 rdacontent
|
| 337 |
|
|
|a computer
|b c
|2 rdamedia
|
| 338 |
|
|
|a online resource
|b cr
|2 rdacarrier
|
| 490 |
1 |
|
|a NASA/TM ;
|v 2014-218411
|
| 500 |
|
|
|a Title from title screen (viewed on June 3, 2015).
|
| 500 |
|
|
|a "November 2014."
|
| 504 |
|
|
|a Includes bibliographical references (pages 10-11).
|
| 650 |
|
7 |
|a International Space Station.
|2 nasat
|
| 650 |
|
7 |
|a Kapton (trademark)
|2 nasat
|
| 650 |
|
7 |
|a Monte Carlo method.
|2 nasat
|
| 650 |
|
7 |
|a Spaceborne experiments.
|2 nasat
|
| 650 |
|
7 |
|a Prediction analysis techniques.
|2 nasat
|
| 700 |
1 |
|
|a Kneubel, Christian A.,
|e author.
|
| 700 |
1 |
|
|a De Groh, Kim K.,
|e author.
|
| 710 |
2 |
|
|a NASA Glenn Research Center,
|e issuing body.
|
| 830 |
|
0 |
|a NASA technical memorandum ;
|v 2014-218411.
|
| 856 |
4 |
0 |
|u https://purl.fdlp.gov/GPO/gpo57985
|t 0
|
| 856 |
4 |
0 |
|u http://purl.fdlp.gov/GPO/gpo57985
|t 0
|
| 999 |
f |
f |
|s d5bb7911-94b3-374d-86ae-18eb729ce0ac
|i 2654fc21-9aa7-306c-bbc5-d6f8309e056c
|t 0
|
| 952 |
f |
f |
|a Texas A&M University
|b College Station
|c Electronic Resources
|d Available Online
|t 0
|e NAS 1.15:2014-218411
|h Superintendent of Documents classification
|
| 998 |
f |
f |
|a NAS 1.15:2014-218411
|t 0
|l Available Online
|